Ч. 1: Кинематика, статика, динамика точки; Лекции по теоретической механике

Bibliografiske detaljer
Parent link:Лекции по теоретической механике/ Е. Н. Березкин. Ч. 1: Кинематика, статика, динамика точки.— , 1967-1968
Summary:Исключено из фонда НТБ ТПУ
Sprog:russisk
Udgivet: 1967
Format: MixedMaterials Bog
KOHA link:https://koha.lib.tpu.ru/cgi-bin/koha/opac-detail.pl?biblionumber=41669

MARC

LEADER 00000nam2a2200000 4500
001 41669
005 20231031014613.0
035 |a (RuTPU)RU\TPU\book\42799 
090 |a 41669 
100 |a 20020627d1967 m y0rusy50 ca 
101 0 |a rus 
102 |a RU 
105 |a a j 001zy 
200 0 |a Ч. 1: Кинематика, статика, динамика точки 
210 |d 1967 
215 |a 314 с.  |c ил. 
320 |a Библиогр.: с. 310. 
320 |a Предм. указ.: с. 311-314. 
333 |a Исключено из фонда НТБ ТПУ 
461 1 |0 (RuTPU)RU\TPU\book\42797  |t Лекции по теоретической механике  |f Е. Н. Березкин  |v Ч. 1: Кинематика, статика, динамика точки  |d 1967-1968 
675 |a 531(075.8)  |v 3 
801 1 |a RU  |b 63413507  |c 20020627  |g PSBO 
801 2 |a RU  |b 63413507  |c 20220718  |g PSBO 
942 |c BK